Statistics for All CS2 Cases

Click here to take the quiz!

General Stats

  • This quiz has been taken 10 times
  • The average score is 7 of 21

Answer Stats

Case% Correct
Snakebite Case
67%
CS20 Case
56%
Recoil Case
56%
Fracture Case
44%
Glove Case
44%
Kilowatt Case
44%
Revolution Case
44%
Danger Zone Case
33%
Gamma 2 Case
33%
Gamma Case
33%
Prisma 2 Case
33%
Prisma Case
33%
Riptide Case
33%
Broken Fang Case
22%
Clutch Case
22%
Horizon Case
22%
Shattered Web Case
22%
Spectrum Case
22%
Dream and Nightmares Case
11%
Spectrum 2 Case
11%
Operation Hydra Case
0%

Score Distribution

Percentile by Number Answered

Percent of People with Each Score

Your Score History

You have not taken this quiz